| 000 | 00411nam a2200133 4500 | ||
|---|---|---|---|
| 008 | 030721s1958 ii eng | ||
| 090 |
_aBT380 _bJ72c |
||
| 100 | 1 | _aJones, E. Stanley | |
| 245 | 1 | 0 |
_aThe Christ of the mount / _cE. Stanley Jones. |
| 260 |
_aIndia : _bFestival, _cc1958. |
||
| 300 | _a332 p. | ||
| 650 | 4 | _aSermon on the mount. | |
| 951 |
_p11802 _x00004853 _oBT380/J72c _j070613111254546 _d2000-12-21 _cGC |
||
| 999 |
_c15987 _d15987 |
||